Normal view
MARC view
Entry Personal Name
001 - CONTROL NUMBER
- control field: 14386
003 - CONTROL NUMBER IDENTIFIER
- control field: BD-RjUL
005 - DATE AND TIME OF LATEST TRANSACTION
- control field: 20241124105625.0
008 - FIXED-LENGTH DATA ELEMENTS
- fixed length control field: 241124|| aca||aabn | a|a d
040 ## - CATALOGING SOURCE
- Original cataloging agency: BD-RjUL
- Transcribing agency: BD-RjUL
100 ## - HEADING--PERSONAL NAME
- Personal name: আসাদ, মো. ইমরুল
670 ## - SOURCE DATA FOUND
- Source citation: Work cat.: (BD-RjUL)84350: আসাদ, মো. ইমরুল, বাংলা চলচ্চিত্রের ভাষা : , ২০২৩